Normal view MARC view

Entry Personal Name

Number of records used in: 1

001 - CONTROL NUMBER

  • control field: 1237931

003 - CONTROL NUMBER IDENTIFIER

  • control field: OSt

005 - DATE AND TIME OF LATEST TRANSACTION

  • control field: 20260430150603.0

008 - FIXED-LENGTH DATA ELEMENTS

  • fixed length control field: 260430|| aca||aabn | a|a d

040 ## - CATALOGING SOURCE

  • Original cataloging agency: OSt
  • Transcribing agency: OSt

100 ## - HEADING--PERSONAL NAME

  • Personal name: Jitender Kumar Au.; Awadhesh Prasad Gu.; Dasgupta Patrick Gu.; Ghosh Subhendu Gu

670 ## - SOURCE DATA FOUND

  • Source citation: Work cat.: (OSt)1850146: Jitender Kumar Au.; Awadhesh Prasad Gu.; Dasgupta Patrick Gu.; Ghosh Subhendu Gu., Exploring Neuronal Membrane Complexity Mathematical Models for Nonlinear Capacitance of Axonal Membrane and Cooperative Ion Channel Interactions, 2024
Copyright @ Delhi University Library System